000 00514nam a2200193Ia 4500
008 151121s9999||||xx |||||||||||||| ||und||
082 _a378।110/
082 _bHNW-50772
100 _aPublisher
245 _aHandbook To The University Of Oxford
260 _bOxford At The Clarendon Press।
260 _c--
300 _a480
600 _aPublisher
630 _aHandbook To The University Of Oxford
700 _aPublisher
730 _aHandbook To The University Of Oxford
942 _cBOOK
999 _c1235297
_d1235294